Combustion and Pollution Control in Heating Systems /

Guardado en:
Detalles Bibliográficos
Autor principal: Hanby, V.I (Autor)
Formato: Libro
Lenguaje:inglés
Publicado: Berlin : Springer Verlag, 1994
Etiquetas: Agregar Etiqueta
Sin Etiquetas, Sea el primero en etiquetar este registro!

MARC

LEADER 00000nam a22000003a 4500
001 stu16348
005 20150617225757.2
008 970715s1994----gw------------------eng-d
020 |a 3-540-19849-0 
040 |a STU  |b slo 
041 0 |a eng 
044 |a gw 
080 |a 662.611  |7 A000004404 
100 1 |a Hanby, V.I  |4 aut 
245 1 |a Combustion and Pollution Control in Heating Systems /  |c [aut.]Hanby,V.I 
260 |a Berlin :  |b Springer Verlag,  |c 1994 
300 |a 144 s :  |b Tab.,grafy,lit.,index 
996 |b C94902  |c C*94902  |l CCIX  |s P  |a 0  |w stu16348_0001